000 00322nam a22001337a 4500
008 171006b xxu||||| |||| 00| 0 eng d
020 _a9781557987860
041 _aeng
080 _a159.9
100 _a49
101 _aPSI
245 _aFAMILY PSYCHOLOGY SCIENCE BASED INTERVATIONS
_cLIDDLE.H.A
942 _2udc
_cBK
999 _c32414
_d32414